Statistics for Gladiators of the 1992 UK TV Series

Click here to take the quiz!

General Stats

  • This quiz has been taken 34 times
  • The average score is 15 of 32

Answer Stats

Real NameGladiator Name% Correct
Diane YoudaleJet
96%
Michael Van WijkWolf
85%
Sharron DaviesAmazon
77%
James CrossleyHunter
77%
Jefferson KingShadow
69%
Kim BettsLightning
65%
Mark SmithRhino
62%
Judy SimpsonNightshade
58%
Nikki DiamondScorpio
58%
Helen O'ReillyPanther
54%
Kate StaplesZodiac
54%
Michael WillsonCobra
50%
Mike LewisSaracen
46%
Mark GriffinTrojan
46%
Michael AhearneWarrior
46%
Warren FurmanAce
42%
Bernadette HuntFalcon
42%
Sandy YoungPhoenix
42%
Jane OmorogbeRio
42%
Lize Van Der WaltGold
35%
Suzanne CoxVogue
35%
Aleks GeorgijevHawk
31%
Jennifer StouteRebel
31%
Kimbra StandishFlame
27%
Radosav NekicKhan
27%
Tina AndrewLaser
27%
Tammy BakerFox
23%
Carlton HeadleyRaider
23%
Pauline RichardsRocket
23%
Ali PatonSiren
23%
John SeruVulcan
23%
Darren CrawfordDiesel
19%

Score Distribution

Percentile by Number Answered

Percent of People with Each Score

Your Score History

You have not taken this quiz